[Event "BL 8687 Karlsruhe-Regensburg"]
[Site "?"]
[Date "1987.??.??"]
[Round "?.3"]
[White "Speckner, R."]
[Black "Werner, C."]
[Result "1-0"]
[WhiteElo "2205"]
[BlackElo "2225"]
[PlyCount "77"]
[EventDate "1987.??.??"]

1. Nf3 Nf6 2. b3 g6 3. Bb2 Bg7 4. g3 b6 5. Bg2 Bb7 6. O-O O-O 7. c4 c5 8. e3 d5
9. Qe2 Nbd7 10. Rd1 Qc7 11. Na3 Rad8 12. Rac1 Qb8 13. cxd5 Bxd5 14. d3 e5 15.
Nc4 Rfe8 16. e4 Ba8 17. Bc3 Nh5 18. Bh3 f6 19. Rb1 Bf8 20. Bg4 Ng7 21. h4 b5
22. Ne3 Nb6 23. a4 b4 24. Ba1 a5 25. h5 Bb7 26. hxg6 hxg6 27. Kg2 Ba6 28. Nh4
Qd6 29. Nc4 Nxc4 30. dxc4 Qc6 31. Nxg6 Bb7 32. Rd5 Qc7 33. Rh1 Bxd5 34. cxd5
Bd6 35. Qf3 Rf8 36. Nxf8 Rxf8 37. Bf5 Rf7 38. Qg4 Kf8 39. Be6 1-0

[Event "BL 8687 Sindelfingen-Bamberg"]
[Site "?"]
[Date "1987.??.??"]
[Round "?.1"]
[White "Pfleger, He"]
[Black "Fahnenschmidt, G."]
[Result "1/2-1/2"]
[WhiteElo "2480"]
[BlackElo "2340"]
[PlyCount "37"]
[EventDate "1987.??.??"]

1. d4 Nf6 2. c4 e6 3. Nf3 d5 4. Nc3 Nbd7 5. Bg5 Bb4 6. e3 c5 7. cxd5 exd5 8.
Bd3 Qa5 9. Qc2 c4 10. Bf5 O-O 11. O-O Re8 12. Nd2 g6 13. Bh3 Bxc3 14. Qxc3 Qxc3
15. bxc3 Ne4 16. Nxe4 dxe4 17. Bxd7 Bxd7 18. Rab1 b5 19. Rfd1 1/2-1/2

[Event "BL 8687 Sindelfingen-Bamberg"]
[Site "?"]
[Date "1987.??.??"]
[Round "?.2"]
[White "Kabisch, T."]
[Black "Seppeur, R."]
[Result "1-0"]
[WhiteElo "2270"]
[BlackElo "2295"]
[PlyCount "98"]
[EventDate "1987.??.??"]

1. d4 g6 2. c4 Bg7 3. Nc3 d6 4. e4 Nd7 5. f4 e6 6. Nf3 Ne7 7. Be3 b6 8. Be2 a6
9. Qd2 Bb7 10. h4 Nf6 11. Qc2 d5 12. cxd5 exd5 13. e5 Ne4 14. g4 h5 15. Ng5
hxg4 16. Ncxe4 dxe4 17. e6 f5 18. Nf7 Qc8 19. Nxh8 Bxh8 20. Bc4 Nd5 21. Bxd5
Bxd5 22. h5 c6 23. hxg6 Bg7 24. Rh7 Ra7 25. Qh2 Qxe6 26. Qh5 Re7 27. b3 Kd7 28.
Rc1 Kc7 29. Rc2 a5 30. Qg5 Rd7 31. Rh5 Qd6 32. Qxf5 Qb4+ 33. Kf1 a4 34. Qxg4
axb3 35. axb3 Bxb3 36. Rd2 Qc3 37. Qg3 c5 38. f5+ Kb7 39. Rh7 cxd4 40. f6 Ka6
41. Qe1 Rd5 42. Bxd4 Qf3+ 43. Qf2 Bc4+ 44. Ke1 Qa3 45. fxg7 Rb5 46. Qe3 Rb1+
47. Rd1 Qb4+ 48. Qc3 Rxd1+ 49. Kxd1 Qb1+ 1-0

[Event "BL 8687 Sindelfingen-Bamberg"]
[Site "?"]
[Date "1987.??.??"]
[Round "?.5"]
[White "Ruehrig, V."]
[Black "Bauer, P."]
[Result "1-0"]
[WhiteElo "2335"]
[BlackElo "2310"]
[PlyCount "77"]
[EventDate "1987.??.??"]

1. e4 c5 2. d3 Nc6 3. g3 g6 4. Bg2 Bg7 5. f4 d6 6. Nf3 e6 7. c3 Nge7 8. Be3 O-O
9. Nbd2 b6 10. Qe2 d5 11. Bf2 Ba6 12. e5 Qd7 13. O-O-O Na5 14. h4 Rfc8 15. h5
c4 16. hxg6 hxg6 17. d4 Qa4 18. Kb1 b5 19. Nf1 b4 20. Be1 Rab8 21. Ne3 Nac6 22.
Rc1 Rb5 23. Qd1 Qxd1 24. Rxd1 Rcb8 25. Ka1 Bc8 26. Ng4 Nf5 27. Ng5 bxc3 28.
bxc3 Rb2 29. Bf3 Na5 30. Nh7 Ba6 31. Ngf6+ Bxf6 32. Nxf6+ Kg7 33. Rh7+ Kf8 34.
Nd7+ Kg8 35. Nf6+ Kf8 36. Nd7+ Kg8 37. Nxb8 Rxb8 38. Rh2 Nc6 39. g4 1-0

[Event "BL 8687 Regensburg-Sindelfingen"]
[Site "?"]
[Date "1987.??.??"]
[Round "?.2"]
[White "Mandl, Ro"]
[Black "Eppinger, G."]
[Result "1-0"]
[WhiteElo "2285"]
[BlackElo "2335"]
[PlyCount "85"]
[EventDate "1987.??.??"]

1. c4 Nf6 2. Nf3 c6 3. g3 d5 4. b3 Bg4 5. Ne5 Bf5 6. Bg2 e6 7. O-O Be7 8. Bb2
O-O 9. d3 Nbd7 10. Nxd7 Qxd7 11. Nd2 h6 12. a3 Qc7 13. Nf3 Nd7 14. Rc1 Bf6 15.
Bxf6 Nxf6 16. b4 Qe7 17. Qb3 a6 18. Qb2 Nd7 19. Rfe1 Bh7 20. Bh3 Qf6 21. Qxf6
Nxf6 22. cxd5 Nxd5 23. Rc5 Rfd8 24. Rec1 Kf8 25. Ne5 Ke7 26. Bg2 f6 27. Nc4 Bg6
28. Bxd5 exd5 29. Nb6 Rab8 30. a4 Rd6 31. b5 axb5 32. axb5 Be8 33. d4 Ke6 34.
bxc6 bxc6 35. Rb1 Rb7 36. Rb2 Rd8 37. Na4 Rxb2 38. Nxb2 Ra8 39. Nd3 Kd6 40. Rc1
Ra4 41. e3 Bg6 42. Nc5 Bf5 43. Nxa4 1-0

[Event "BL 8687 Regensburg-Sindelfingen"]
[Site "?"]
[Date "1987.??.??"]
[Round "?.3"]
[White "Bialas, W."]
[Black "Speckner, R."]
[Result "0-1"]
[WhiteElo "2345"]
[BlackElo "2205"]
[PlyCount "58"]
[EventDate "1987.??.??"]

1. d4 Nf6 2. Nf3 d6 3. c4 g6 4. Nc3 Bg7 5. e4 O-O 6. Be2 e5 7. Be3 h6 8. O-O
Ng4 9. Bc1 Nc6 10. d5 Ne7 11. Ne1 f5 12. f3 Nf6 13. Be3 f4 14. Bf2 g5 15. b4 h5
16. c5 Ng6 17. Rc1 g4 18. cxd6 cxd6 19. Nb5 g3 20. hxg3 fxg3 21. Bxg3 h4 22.
Bf2 Nh5 23. Nc7 Ngf4 24. Nxa8 Qg5 25. Be3 Nh3+ 26. Kh2 Qxe3 27. gxh3 Qf4+ 28.
Kg1 Qg3+ 29. Ng2 Nf4 0-1

[Event "BL 8687 Regensburg-Sindelfingen"]
[Site "?"]
[Date "1987.??.??"]
[Round "?.5"]
[White "Bauer, P."]
[Black "Meister, P."]
[Result "0-1"]
[WhiteElo "2310"]
[BlackElo "2355"]
[PlyCount "52"]
[EventDate "1987.??.??"]

1. e4 e6 2. d4 d5 3. Nc3 Nc6 4. Nf3 Nf6 5. e5 Ne4 6. Ne2 f6 7. exf6 Qxf6 8. Be3
Bd7 9. c3 e5 10. dxe5 Nxe5 11. Qxd5 Nxf3+ 12. gxf3 Bc6 13. Qh5+ g6 14. Qg4 Nd6
15. Bd4 Qxf3 16. Qe6+ Be7 17. Bxh8 Bd5 18. Qe5 Qxh1 19. Ng3 Qf3 20. Be2 Qf7 21.
Rd1 Bf3 22. Rd4 Bxe2 23. Nxe2 O-O-O 24. b3 Re8 25. Rf4 Qg8 26. Bf6 Bd8 0-1

[Event "BL 8687 Bamberg-Karlsruhe"]
[Site "?"]
[Date "1987.??.??"]
[Round "?.2"]
[White "Seppeur, R."]
[Black "Arnold, L."]
[Result "0-1"]
[WhiteElo "2295"]
[BlackElo "2305"]
[PlyCount "101"]
[EventDate "1987.??.??"]

1. Nf3 Nf6 2. g3 b5 3. Bg2 Bb7 4. O-O e6 5. b3 Be7 6. Bb2 O-O 7. c4 a6 8. d3 c5
9. e3 d5 10. Qe2 Nc6 11. Nbd2 Qd7 12. Rfd1 Rad8 13. Rac1 Ba8 14. Bxf6 gxf6 15.
cxd5 Qxd5 16. Ne1 Qd7 17. Ne4 Qa7 18. Qh5 Nb4 19. Rxc5 Rd5 20. Rxd5 Nxd5 21.
Rc1 Nxe3 22. Qh6 Nd5 23. Nf3 Qd7 24. h4 Rc8 25. d4 Rxc1+ 26. Qxc1 Kg7 27. Nc5
Qc8 28. a3 a5 29. h5 h6 30. Kh2 Bd6 31. Nd2 f5 32. Nf3 Qc7 33. Qb2 Nf6 34. b4
axb4 35. axb4 Bd5 36. Ne5 Bxe5 37. dxe5 Ng4+ 38. Kg1 Bxg2 39. Kxg2 Qxe5 40. Qd2
Nf6 41. Qd3 Qd5+ 42. Qf3 Qc4 43. Nd3 Nd5 44. Qe2 Qe4+ 45. Qxe4 fxe4 46. Nc5
Nxb4 47. Nxe4 Nd5 48. g4 Nf6 49. Kf3 Nxe4 50. Kxe4 b4 51. f4 0-1

[Event "BL 8687 HSK-Regensburg"]
[Site "?"]
[Date "1987.??.??"]
[Round "?.2"]
[White "Chandler, M."]
[Black "Mandl, Ro"]
[Result "1-0"]
[WhiteElo "2565"]
[BlackElo "2285"]
[PlyCount "115"]
[EventDate "1987.??.??"]

1. e4 c5 2. Nf3 d6 3. d4 cxd4 4. Nxd4 Nf6 5. Nc3 g6 6. Be3 Bg7 7. Bc4 O-O 8.
O-O Nc6 9. h3 Bd7 10. Re1 a6 11. Bb3 Rc8 12. Qd2 b5 13. Rad1 b4 14. Nd5 Nxe4
15. Nxc6 Bxc6 16. Qxb4 Bxd5 17. Bxd5 Nc5 18. Bg5 Rc7 19. Qh4 Re8 20. b3 Qd7 21.
c4 a5 22. Re3 e6 23. Bf3 Rb8 24. Rb1 Ra7 25. Bf6 Bxf6 26. Qxf6 Qe7 27. Qc3 Rb6
28. Ree1 Nd7 29. a3 Qf6 30. Qd2 Nc5 31. b4 axb4 32. axb4 Nd7 33. Be2 Kg7 34.
Bf1 Rab7 35. Rb3 Ne5 36. Rd1 Rc7 37. Rc1 Rc8 38. Kh1 Rd8 39. Qe3 Rdb8 40. b5
Nd7 41. Ra3 Nc5 42. Rd1 e5 43. g3 R8b7 44. Bg2 Re7 45. Ra8 Qf5 46. Kh2 h6 47.
Bc6 Re6 48. Rxd6 Rxd6 49. Qxc5 Rd2 50. Qxb6 Rxf2+ 51. Kg1 Rb2 52. Ra1 Qd3 53.
Bg2 Qxc4 54. Rf1 Rxb5 55. Qf6+ Kg8 56. Rd1 Qc5+ 57. Kh1 Rb8 58. Bd5 1-0

[Event "BL 8687 HSK-Regensburg"]
[Site "?"]
[Date "1987.??.??"]
[Round "?.3"]
[White "Speckner, R."]
[Black "Wahls, M."]
[Result "0-1"]
[WhiteElo "2205"]
[BlackElo "2460"]
[PlyCount "88"]
[EventDate "1987.??.??"]

1. Nf3 Nf6 2. g3 g6 3. Bg2 Bg7 4. O-O O-O 5. d3 d5 6. Nbd2 d4 7. Nc4 c5 8. e4
b5 9. Ncd2 Bb7 10. Qe2 Nc6 11. e5 Nd5 12. Ne4 Qb6 13. Neg5 Rac8 14. Nxh7 Kxh7
15. Ng5+ Kg8 16. Bxd5 e6 17. Qg4 exd5 18. Qh4 Rfe8 19. f4 Ne7 20. e6 fxe6 21.
Bd2 Rc6 22. Rae1 Bc8 23. Qh7+ Kf8 24. h4 Qc7 25. g4 b4 26. h5 gxh5 27. Qxh5 Ng8
28. Qg6 Nf6 29. Re5 Re7 30. Rfe1 Bd7 31. Rf5 exf5 32. Rxe7 Kxe7 33. Qxg7+ Kd8
34. Nf7+ Kc8 35. g5 Be8 36. g6 Kb7 37. Qf8 Bxf7 38. gxf7 Nd7 39. Qe7 Rg6+ 40.
Kf1 Rh6 41. f8=Q Nxf8 42. Qxf8 Qh7 43. Be1 Re6 44. Bh4 Qxh4 0-1

[Event "BL 8687 HSK-Regensburg"]
[Site "?"]
[Date "1987.??.??"]
[Round "?.5"]
[White "Meister, P."]
[Black "Wegner, H."]
[Result "1/2-1/2"]
[WhiteElo "2355"]
[BlackElo "2300"]
[PlyCount "55"]
[EventDate "1987.??.??"]

1. d4 Nf6 2. c4 e6 3. Nf3 b6 4. g3 Ba6 5. Qa4 c5 6. Bg2 Bb7 7. dxc5 Bxc5 8. O-O
O-O 9. Nc3 a6 10. Bf4 Be7 11. Rfd1 d6 12. Rd2 Qc7 13. Rad1 Rd8 14. Qb3 Ne8 15.
e4 Nd7 16. e5 Nxe5 17. Nxe5 dxe5 18. Rxd8 Rxd8 19. Bxe5 Qxe5 20. Bxb7 a5 21.
Bc6 Nf6 22. Kg2 Rxd1 23. Qxd1 h5 24. Qe2 Qc5 25. Bf3 g6 26. Qd3 Kg7 27. b3 Qa3
28. Qc2 1/2-1/2

[Event "BL 8687 HSG-Bamberg"]
[Site "?"]
[Date "1987.??.??"]
[Round "?.2"]
[White "Rostalski, W."]
[Black "Seppeur, R."]
[Result "1-0"]
[WhiteElo "2265"]
[BlackElo "2295"]
[PlyCount "106"]
[EventDate "1987.??.??"]

1. Nf3 g6 2. d4 Bg7 3. g3 d6 4. Bg2 Nd7 5. O-O e6 6. e4 Ne7 7. Nc3 O-O 8. Re1
a6 9. h4 h6 10. e5 Nb6 11. Ne4 Nf5 12. Qe2 Bd7 13. c3 Bb5 14. Qc2 Nd7 15. Bf4
d5 16. Nc5 Nxc5 17. dxc5 a5 18. Qd2 Kh7 19. Nd4 Ba6 20. Bh3 Qe7 21. Nxf5 gxf5
22. Be3 Rg8 23. Bd4 Bf8 24. Kh2 Rg6 25. Qf4 Bg7 26. Rg1 Rg8 27. Rae1 Bf8 28.
Qf3 Qd7 29. g4 fxg4 30. Rxg4 Qe7 31. Rxg6 Rxg6 32. h5 Rg7 33. Rg1 Rxg1 34. Kxg1
Qg5+ 35. Kh2 Kg8 36. Qg4 Qxg4 37. Bxg4 Bd3 38. f4 Bb1 39. a3 Bg7 40. Kg3 Kf8
41. Bh3 Ke7 42. b4 a4 43. Bg4 Bc2 44. Kf2 Kd7 45. Be2 Kc6 46. Ke1 Bb3 47. Kd2
Bc4 48. Bd1 Kb5 49. Bc2 Bf8 50. Bh7 Kc6 51. Bg8 Kd7 52. Bxf7 Bf1 53. Bg6 Bc4
1-0

[Event "BL 8687 HSG-Bamberg"]
[Site "?"]
[Date "1987.??.??"]
[Round "?.5"]
[White "Ruehrig, V."]
[Black "Kunsztowicz, U."]
[Result "1-0"]
[WhiteElo "2335"]
[BlackElo "2325"]
[PlyCount "115"]
[EventDate "1987.??.??"]

1. e4 g6 2. f4 Bg7 3. Nf3 c5 4. c3 Nf6 5. Qa4 O-O 6. e5 Nd5 7. Qc4 e6 8. Qxc5
Nxf4 9. d4 Nd5 10. Bc4 b6 11. Qd6 Bb7 12. O-O Qc7 13. Bxd5 Qxd6 14. Bxb7 Qc7
15. Bxa8 d5 16. exd6 Qxd6 17. Be4 Nd7 18. Nbd2 b5 19. Bc2 Nb6 20. Ne4 Qc7 21.
Bg5 Nc4 22. b3 Nb6 23. Bd3 Qc6 24. Be7 f5 25. Bxf8 fxe4 26. Bxg7 Kxg7 27. Ng5
exd3 28. Rae1 Kh6 29. Nxe6 Nd5 30. Rf3 g5 31. Rxd3 Qa6 32. Rh3+ Kg6 33. Nf8+
Kg7 34. Nxh7 Qxa2 35. Nxg5 Nf4 36. Ne6+ Nxe6 37. Rg3+ Kh8 38. h3 Qxb3 39. Kh2
Ng7 40. Re5 Qf7 41. Rxb5 Qf4 42. Rbg5 Nf5 43. Rh5+ Nh6 44. h4 Kh7 45. Kh3 Qf1
46. Re3 Qd1 47. Rg5 Nf7 48. Re7 Qf1 49. Rxa7 Kh6 50. Rg4 Nd6 51. Kh2 Qf5 52.
Rag7 Qf2 53. R7g6+ Kh5 54. R4g5+ Kxh4 55. Rg3 Qf4 56. Rg7 Nf5 57. Rh7+ Nh6 58.
Rxh6+ 1-0

[Event "BL 8687 Regensburg-HSG"]
[Site "?"]
[Date "1987.??.??"]
[Round "?.2"]
[White "Mandl, Ro"]
[Black "Rostalski, W."]
[Result "0-1"]
[WhiteElo "2285"]
[BlackElo "2265"]
[PlyCount "122"]
[EventDate "1987.??.??"]

1. Nf3 g6 2. d4 Bg7 3. g3 d5 4. Bg2 Nf6 5. c4 c6 6. cxd5 cxd5 7. Nc3 O-O 8. Ne5
e6 9. O-O Ne8 10. f4 Nd6 11. Be3 f6 12. Nd3 Nc6 13. Bf2 Ne7 14. Rc1 b6 15. b3
Bb7 16. Qd2 Qd7 17. Rc2 Rac8 18. Rfc1 Rc7 19. e3 Rfc8 20. Be1 Ne4 21. Nxe4 dxe4
22. Nb2 Rxc2 23. Rxc2 Rxc2 24. Qxc2 Qc6 25. Qxc6 Bxc6 26. Nc4 f5 27. Bb4 Nd5
28. Bd6 Bf8 29. Bb8 a6 30. Kf2 Bb4 31. a3 Bc3 32. Bf1 b5 33. Ne5 Be8 34. Ke2
Bb2 35. Bd6 Bc1 36. Bc5 Nxe3 37. Bh3 Nd5 38. Bg2 Be3 39. h3 Bc1 40. Bh1 Bb2 41.
Kd2 Bc3+ 42. Ke2 Ba5 43. Bg2 Bd8 44. h4 Kg7 45. Bf1 h6 46. Kf2 g5 47. hxg5 hxg5
48. fxg5 Bxg5 49. Be2 Be3+ 50. Kf1 Kf6 51. Ke1 Nc3 52. Bf1 Nd5 53. Be2 Kg5 54.
Bf1 Bc1 55. Bh3 Bh5 56. Nc6 e3 57. g4 fxg4 58. Bg2 g3 59. Be7+ Kh6 60. Bf8+ Kh7
61. Be4+ Kg8 0-1

[Event "BL 8687 Regensburg-HSG"]
[Site "?"]
[Date "1987.??.??"]
[Round "?.3"]
[White "Breyther, R."]
[Black "Speckner, R."]
[Result "1-0"]
[WhiteElo "2335"]
[BlackElo "2205"]
[PlyCount "139"]
[EventDate "1987.??.??"]

1. e4 e6 2. d4 d5 3. Nd2 Nf6 4. e5 Nfd7 5. Bd3 c5 6. c3 b6 7. Nh3 Ba6 8. Bxa6
Nxa6 9. Qe2 Nc7 10. Qg4 b5 11. O-O c4 12. a4 bxa4 13. Rxa4 Nb6 14. Ra5 g6 15.
Nf3 h6 16. Nf4 Kd7 17. h4 Be7 18. Nh3 Qg8 19. Be3 a6 20. Rfa1 Qh7 21. Nd2 g5
22. h5 Rhb8 23. Qd1 Qd3 24. Nf1 Nc8 25. Qa4+ Rb5 26. f3 Nb6 27. Qa2 Qc2 28. Bc1
Rb8 29. Ne3 Qe2 30. Nf2 Nc8 31. Rxb5 axb5 32. Nf1 Qc2 33. Ne3 Qe2 34. Nf1 Qc2
35. Ne3 Qb3 36. Qxb3 cxb3 37. Neg4 Bf8 38. Nd3 Kc6 39. f4 gxf4 40. Bxf4 b4 41.
cxb4 Nb6 42. Bxh6 Bxh6 43. Nxh6 Rh8 44. Nxf7 Rxh5 45. Nd6 Nc4 46. Rc1 Nb5 47.
Nxc4 dxc4 48. Rxc4+ Kd5 49. Rc5+ Kxd4 50. Nc1 Rxe5 51. Nxb3+ Ke4 52. Nd2+ Kf4
53. g3+ Kf5 54. Nc4 Rxc5 55. bxc5 Nd4 56. Kf2 Ke4 57. Ne3 Nc6 58. g4 Kf4 59.
Nc2 Kxg4 60. Ke3 Kg5 61. Nd4 Nb4 62. Nxe6+ Kf6 63. Nf4 Ke7 64. Kd4 Kd7 65. Kc4
Nc6 66. b4 Kc8 67. Ng6 Kc7 68. b5 Nd8 69. Kd5 Nf7 70. Nf8 1-0

[Event "BL 8687 Regensburg-HSG"]
[Site "?"]
[Date "1987.??.??"]
[Round "?.5"]
[White "Kunsztowicz, U."]
[Black "Meister, P."]
[Result "1/2-1/2"]
[WhiteElo "2325"]
[BlackElo "2355"]
[PlyCount "106"]
[EventDate "1987.??.??"]

1. d4 e6 2. c4 f5 3. Nf3 Nf6 4. g3 d5 5. Bg2 c6 6. O-O Bd6 7. Nc3 O-O 8. e3
Nbd7 9. b3 b6 10. Bb2 Ba6 11. Qe2 Qe7 12. Rac1 Rac8 13. Rfd1 Rfe8 14. Rc2 g6
15. Rdc1 e5 16. dxe5 Nxe5 17. Nxe5 Bxe5 18. Bf1 dxc4 19. bxc4 Rcd8 20. Qf3 Bb7
21. Bg2 Rd7 22. Rd1 Red8 23. Rcc1 Ne4 24. Rxd7 Rxd7 25. Rc2 Nxc3 26. Bxc3 Bxc3
27. Rxc3 Qb4 28. Rc1 Qd2 29. Ra1 Qd6 30. h4 c5 31. Qe2 Bxg2 32. Kxg2 Qd3 33.
Re1 Kf7 34. Kf1 Ke6 35. Rc1 a6 36. Qxd3 Rxd3 37. Rb1 Rd6 38. Ke2 Kd7 39. Rb2
Kc6 40. a4 Rd7 41. Rb1 Rb7 42. Ra1 b5 43. axb5+ axb5 44. Ra6+ Rb6 45. cxb5+
Kxb5 46. Ra7 h5 47. Ra2 Rd6 48. Rb2+ Kc4 49. Rb1 Kc3 50. Rc1+ Kb4 51. Rb1+ Ka3
52. Rc1 Rd5 53. f3 Kb4 1/2-1/2

[Event "BL 8687 Bamberg-HSK"]
[Site "?"]
[Date "1987.??.??"]
[Round "?.5"]
[White "Wegner, H."]
[Black "Ruehrig, V."]
[Result "1/2-1/2"]
[WhiteElo "2300"]
[BlackElo "2335"]
[PlyCount "31"]
[EventDate "1987.??.??"]

1. d4 Nf6 2. c4 g6 3. Nc3 d5 4. Nf3 Bg7 5. Bg5 Ne4 6. cxd5 Nxg5 7. Nxg5 e6 8.
Nf3 exd5 9. e3 a5 10. Bd3 O-O 11. O-O Na6 12. a3 c6 13. Qd2 Re8 14. Rfc1 Bg4
15. Be2 Bxf3 16. Bxf3 1/2-1/2

[Event "BL 8687 Bamberg-HSK"]
[Site "?"]
[Date "1987.??.??"]
[Round "?.7"]
[White "Behrhorst, F."]
[Black "Kurz, A."]
[Result "1/2-1/2"]
[WhiteElo "2325"]
[BlackElo "2290"]
[PlyCount "125"]
[EventDate "1987.??.??"]

1. d4 Nf6 2. c4 g6 3. Nc3 Bg7 4. e4 d6 5. Be2 O-O 6. Bg5 h6 7. Be3 e5 8. d5 Na6
9. Qd2 h5 10. f3 Bd7 11. h4 Nc5 12. Nh3 a6 13. Nf2 Qe8 14. b4 Na4 15. Nxa4 Bxa4
16. Nd1 Bd7 17. Nc3 Nh7 18. g4 hxg4 19. fxg4 f5 20. gxf5 gxf5 21. exf5 Bxf5 22.
O-O-O Kh8 23. Rhg1 Rg8 24. Bg4 Bxg4 25. Rxg4 Nf6 26. Rg5 b5 27. Rdg1 bxc4 28.
Rg6 Qf7 29. Qe2 Bf8 30. Rxg8+ Nxg8 31. Ne4 Be7 32. Ng5 Bxg5 33. hxg5 Qg6 34.
Qxc4 Ne7 35. Rh1+ Kg7 36. Rh6 Qf5 37. Re6 Re8 38. g6 Qh3 39. Bd2 c6 40. Rxd6
cxd5 41. Qxa6 Rc8+ 42. Kb2 Qf3 43. Qa4 Qd3 44. Qd1 Qd4+ 45. Kb1 Qd3+ 46. Kb2
Qd4+ 47. Kb1 Nf5 48. Rxd5 Qe4+ 49. Kb2 Rc7 50. Bc3 Ne3 51. Rd7+ Rxd7 52. Qxd7+
Kxg6 53. Qe6+ Kg5 54. Qxe5+ Qxe5 55. Bxe5 Nc4+ 56. Kc3 Nxe5 57. Kd4 Kf6 58. Kd5
Nd3 59. b5 Ke7 60. Kc6 Nb4+ 61. Kc7 Nxa2 62. b6 Nb4 63. b7 1/2-1/2

[Event "BL 8687 Bamberg-HSK"]
[Site "?"]
[Date "1987.??.??"]
[Round "?.8"]
[White "Jahr, U."]
[Black "Gruenberg, Ra"]
[Result "0-1"]
[WhiteElo "2240"]
[BlackElo "2255"]
[PlyCount "104"]
[EventDate "1987.??.??"]

1. e4 c5 2. Nf3 Nc6 3. d4 cxd4 4. Nxd4 Nf6 5. Nc3 d6 6. Bc4 Qb6 7. Nb3 e6 8.
Be3 Qc7 9. f4 a6 10. a4 d5 11. exd5 Nb4 12. Qe2 Nxc2+ 13. Qxc2 Qxc4 14. O-O-O
Nxd5 15. Na5 Nxe3 16. Rd8+ Kxd8 17. Qd2+ Qd5 18. Nxd5 Nxd5 19. f5 h6 20. Qd4 b6
21. Nc4 Kc7 22. Kb1 Bd7 23. a5 Bc5 24. axb6+ Bxb6 25. Nxb6 Nxb6 26. Rc1+ Kb7
27. Qxg7 Rhg8 28. Qxf7 Rgf8 29. Qg7 Rxf5 30. Re1 Rc8 31. Qxh6 Rf2 32. Qe3 Rxb2+
33. Ka1 Rcc2 34. Rd1 Nd5 35. Qe4 Ra2+ 36. Kb1 Bc6 37. Qh7+ Kb6 38. Rd3 Rab2+
39. Ka1 Rxg2 40. Qh8 Rb5 41. Qb8+ Bb7 42. Qd8+ Ka7 43. Qd6 Rg1+ 44. Ka2 Nb4+
45. Ka3 Ra1+ 46. Kb2 Ra2+ 47. Kb1 Nxd3+ 48. Kxa2 Bd5+ 49. Ka1 Rc5 50. Qe7+ Kb6
51. Qd6+ Kb7 52. Qd7+ Rc7 0-1

[Event "BL 8687 Kreuzberg-Karlsruhe"]
[Site "?"]
[Date "1987.??.??"]
[Round "?.2"]
[White "Conquest, S."]
[Black "Arnold, L."]
[Result "1-0"]
[WhiteElo "2430"]
[BlackElo "2305"]
[PlyCount "109"]
[EventDate "1987.??.??"]

1. d4 Nf6 2. c4 d6 3. Nc3 Nbd7 4. Nf3 c6 5. e4 e5 6. Be2 Be7 7. O-O O-O 8. Qc2
Re8 9. Rd1 Qc7 10. Be3 Bf8 11. Rac1 Ng4 12. Bg5 f6 13. Bd2 g6 14. b4 Nh6 15. c5
dxc5 16. dxc5 Nf7 17. Be3 Kg7 18. Nd2 Be7 19. Nc4 Rd8 20. Rb1 Nf8 21. Rxd8 Qxd8
22. b5 Ne6 23. bxc6 bxc6 24. Qa4 Bd7 25. Qb4 Qc7 26. Qb7 Rc8 27. Na4 Qxb7 28.
Rxb7 Rc7 29. Rb1 Bc8 30. Na5 Nfd8 31. Rb8 Bd7 32. Ba6 f5 33. Nc4 fxe4 34. Nxe5
Be8 35. Kf1 Bf6 36. Ng4 Rd7 37. Bc8 Re7 38. Ke2 Nd4+ 39. Kd2 Nb5 40. Nxf6 Kxf6
41. h4 Nf7 42. Nb2 Bd7 43. a4 Nc7 44. Nc4 Re8 45. Nd6 Nxd6 46. cxd6 Ne6 47.
Bxd7 Rxb8 48. Bxc6 Rd8 49. d7 Rb8 50. Bxa7 Rb2+ 51. Kc3 Re2 52. a5 Re1 53. Be3
Ra1 54. Bd5 Ra3+ 55. Kb4 1-0

[Event "BL 8687 Kreuzberg-Karlsruhe"]
[Site "?"]
[Date "1987.??.??"]
[Round "?.3"]
[White "Werner, C."]
[Black "Lehmann, K."]
[Result "1/2-1/2"]
[WhiteElo "2225"]
[BlackElo "2270"]
[PlyCount "108"]
[EventDate "1987.??.??"]

1. e4 c5 2. Nf3 e6 3. c3 Nf6 4. e5 Nd5 5. d4 cxd4 6. cxd4 d6 7. a3 Nd7 8. Bd3
b6 9. O-O Bb7 10. Re1 Be7 11. Qe2 Rc8 12. Bd2 Rc7 13. Nc3 Nxc3 14. Bxc3 O-O 15.
Bb4 dxe5 16. Bxe7 Qxe7 17. dxe5 Rc5 18. Be4 Bxe4 19. Qxe4 Rd5 20. Rad1 Nc5 21.
Qc2 Rfd8 22. Rxd5 Rxd5 23. Rd1 Qd7 24. Rxd5 Qxd5 25. b4 Nd7 26. Qc8+ Nf8 27.
Qc1 h6 28. h4 Qd3 29. Qe3 Qb1+ 30. Kh2 Ng6 31. g3 Ne7 32. Qc3 Qf1 33. Qc2 Ng6
34. h5 Nf8 35. a4 Qa1 36. Kg2 Qa3 37. b5 Qb4 38. Kh3 Qe7 39. Qc8 Qb4 40. Qc2
Qa3 41. Kg2 Qa1 42. Qc4 Qd1 43. Qd4 Qc2 44. Nh4 Kh7 45. Kf3 Qc7 46. Qe4+ Kg8
47. Kg2 Qc3 48. Nf3 Qa1 49. Qc4 Qd1 50. Qe4 Qb3 51. Qd4 Qb1 52. Qc4 Qd1 53. Qe4
Qb3 54. Qd4 Qb1 1/2-1/2

[Event "BL 8687 Lasker-Sindelfingen"]
[Site "?"]
[Date "1987.??.??"]
[Round "?.1"]
[White "Fahnenschmidt, G."]
[Black "Wockenfuss, K."]
[Result "1/2-1/2"]
[WhiteElo "2340"]
[BlackElo "2350"]
[PlyCount "31"]
[EventDate "1987.??.??"]

1. d4 d6 2. c4 e5 3. Nf3 e4 4. Ng5 f5 5. g3 c6 6. Nc3 d5 7. cxd5 cxd5 8. Nh3
Nc6 9. Bg2 Be6 10. O-O Nf6 11. Bg5 Be7 12. e3 Ng4 13. Nf4 Bf7 14. Bxe7 Nxe7 15.
Qa4+ Qd7 16. Qxd7+ 1/2-1/2

[Event "BL 8687 Lasker-Sindelfingen"]
[Site "?"]
[Date "1987.??.??"]
[Round "?.2"]
[White "Berg, K."]
[Black "Kabisch, T."]
[Result "1-0"]
[WhiteElo "2355"]
[BlackElo "2270"]
[PlyCount "83"]
[EventDate "1987.??.??"]

1. d4 Nf6 2. Nf3 g6 3. c4 Bg7 4. Nc3 O-O 5. e4 d6 6. Be2 e5 7. O-O Nc6 8. Be3
Ng4 9. Bg5 f6 10. Bh4 Qd7 11. d5 Ne7 12. Nd2 g5 13. Bg3 Ng6 14. Rc1 b6 15. b4
a5 16. a3 axb4 17. axb4 Nf4 18. Bxf4 exf4 19. c5 bxc5 20. bxc5 Ne5 21. cxd6
cxd6 22. Nb5 Ba6 23. Nd4 Bxe2 24. Qxe2 Ra2 25. Qd1 Rc8 26. Nf5 Bf8 27. Nb3 f3
28. Rxc8 Qxc8 29. gxf3 Qc3 30. Nbd4 Ra3 31. Nb5 Nxf3+ 32. Kh1 Qe5 33. Ng3 Ra5
34. Qxf3 Rxb5 35. Rc1 Rc5 36. Rb1 Rc2 37. Kg2 Rc4 38. Rb7 Be7 39. Rb8+ Bf8 40.
Rb7 Be7 41. Qg4 Bd8 42. Qd7 1-0

[Event "BL 8687 Lasker-Sindelfingen"]
[Site "?"]
[Date "1987.??.??"]
[Round "?.4"]
[White "Cladouras, P."]
[Black "Gruenenwald, J."]
[Result "1/2-1/2"]
[WhiteElo "2325"]
[BlackElo "2290"]
[PlyCount "62"]
[EventDate "1987.??.??"]

1. e4 e6 2. d4 d5 3. Nc3 Bb4 4. e5 c5 5. a3 Bxc3+ 6. bxc3 Ne7 7. a4 Qa5 8. Qd2
Nbc6 9. Nf3 Bd7 10. Bd3 f6 11. O-O O-O-O 12. Re1 fxe5 13. Nxe5 Nxe5 14. Rxe5
Nc6 15. Rg5 g6 16. dxc5 e5 17. c4 Qxd2 18. Bxd2 e4 19. Bf1 d4 20. a5 Rhe8 21.
Rg3 Bf5 22. a6 bxa6 23. Rxa6 Kb7 24. Ra1 d3 25. cxd3 exd3 26. Re3 Rxe3 27. Bxe3
a5 28. f3 h5 29. Kf2 Nb4 30. Bd2 Nc6 31. Rb1+ Nb4 1/2-1/2

[Event "BL 8687 Lasker-Sindelfingen"]
[Site "?"]
[Date "1987.??.??"]
[Round "?.5"]
[White "Bauer, P."]
[Black "Paulsen, D."]
[Result "1/2-1/2"]
[WhiteElo "2310"]
[BlackElo "2345"]
[PlyCount "73"]
[EventDate "1987.??.??"]

1. e4 e5 2. Nf3 Nc6 3. Bc4 Nf6 4. d4 exd4 5. O-O Nxe4 6. Re1 d5 7. Bxd5 Qxd5 8.
Nc3 Qa5 9. Nxe4 Be6 10. Bd2 Qd5 11. Bg5 Kd7 12. c3 Re8 13. Nxd4 Nxd4 14. cxd4
Kc8 15. Qa4 Bd6 16. Qxa7 Kd7 17. Nxd6 cxd6 18. Rec1 Ra8 19. Qb6 Rhc8 20. Bf4
Ra6 21. Qb4 Qe4 22. Rxc8 Kxc8 23. Rc1+ Rc6 24. Qd2 Rxc1+ 25. Qxc1+ Kd7 26. a3
Qxd4 27. h3 Bd5 28. Be3 Qd3 29. Bb6 Bc6 30. Qf4 f5 31. Qg5 Qb1+ 32. Kh2 Qxb2
33. Qxf5+ Ke7 34. Bc7 Qf6 35. Qxf6+ gxf6 36. Kg3 Ke6 37. f3 1/2-1/2

[Event "BL 8687 Lasker-Sindelfingen"]
[Site "?"]
[Date "1987.??.??"]
[Round "?.6"]
[White "Schacht, H."]
[Black "Runau, R."]
[Result "0-1"]
[WhiteElo "2280"]
[BlackElo "2285"]
[PlyCount "74"]
[EventDate "1987.??.??"]

1. d4 Nf6 2. Nf3 e6 3. Bg5 h6 4. Bh4 c5 5. e3 Qb6 6. Qc1 d6 7. Bd3 Bd7 8. O-O
g5 9. Bg3 Nh5 10. Nbd2 g4 11. dxc5 Qxc5 12. Nd4 Nxg3 13. fxg3 Bg7 14. Ne4 Qe5
15. Nf2 h5 16. Bc4 Bh6 17. Qd1 Bxe3 18. c3 Nc6 19. Nxc6 Bxc6 20. Qd3 h4 21.
Rae1 Bxf2+ 22. Kxf2 hxg3+ 23. hxg3 Qc5+ 24. Qd4 Rh2 25. Rg1 Kd7 26. b4 Qxd4+
27. cxd4 b5 28. Bb3 a5 29. bxa5 Rxa5 30. Re2 b4 31. Ke3 f5 32. Rc2 Be4 33. Rc4
Rxg2 34. Rxg2 Bxg2 35. Rxb4 Ke7 36. Kf4 Be4 37. Rb6 Bd5 0-1